000 00280nam a2200109Ia 4500
008 220216s9999 xx 000 0 und d
100 _aGardner Peter
245 0 _aAnalysts feel Q1 tyre demand surge is misleading
260 _bRubber Asia
_c2002
300 _a128-129
942 _cJS
999 _c54272
_d54272